Entry Nombre personal
001 - NÚMERO DE CONTROL
- campo de control: 85334
003 - IDENTIFICADOR DE NÚMERO DE CONTROL
- campo de control: SpMaBN
005 - FECHA Y HORA DE LA ÚLTIMA TRANSACCIÓN
- campo de control: 20230524214916.0
008 - ELEMENTOS DE DATO DE LONGITUD-FIJA
- campo de control de longitud fija: 900912n aijnnaabn a aaa ||
016 ## - NÚMERO DE CONTROL DE UNA AGENCIA BIBLIOGRÁFICA NACIONAL
- Número de control del registro: BNE19911498013
024 7# - IDENTIFICADOR DE OTROS ESTÁNDARES
- Número estándar o código: http://viaf.org/viaf/172530214/
- Fuente: viaf
024 8# - IDENTIFICADOR DE OTROS ESTÁNDARES
- Número estándar o código: https://data.cervantesvirtual.com/person/41004
024 7# - IDENTIFICADOR DE OTROS ESTÁNDARES
- Número estándar o código: https://isni.org/isni/0000000122664842
- Fuente: isni
024 7# - IDENTIFICADOR DE OTROS ESTÁNDARES
- Número estándar o código: http://www.wikidata.org/entity/Q5993899
- Fuente: wikidata
040 ## - FUENTE DE CATALOGACIÓN
- Centro catalogador/agencia de origen: SpMaBN
- Lengua de catalogación: spa
- Centro/agencia transcriptor: SpMaBN
- Normas de descripción: rdc
- Convención/Normas de encabezamiento de materia/tesauro: embne
046 ## - FECHAS CON CODIFICACIÓN ESPECIAL
- Fecha de nacimiento: 1950
100 1# - ENCABEZAMIENTO-NOMBRE DE PERSONA
- Nombre de persona: Neila, Manuel,
- Fechas asociadas al nombre: 1950-
370 ## - LUGAR ASOCIADO
- Lugar de nacimiento: Hervás, Cáceres, España
- Fuente del término: embne
372 ## - CAMPO DE ACTIVIDAD
- Campo de actividad: Poesías
- Fuente del término: tgfbne
374 ## - OCUPACIÓN
- Ocupación: Escritores
- Ocupación: Poetas
- Ocupación: Traductores
- Fuente del término: embne
375 ## - GÉNERO/SEXO
- Género: Masculino
377 ## - IDIOMA ASOCIADO
- Código del idioma: spa
- Término de lengua/lenguaje: Español
400 1# - TRAZADO DE VÉASE--NOMBRE DE PERSONA
- Nombre de persona: Neila Lumeras, Manuel
- Fechas asociadas al nombre: 1950-
670 ## - FUENTE DE DATOS ENCONTRADOS
- Cita de la fuente: Pensamientos de intemperie, 2012
- Información encontrada: port. (Manuel Neila) solapa (n. 1950 en Hervás, Cáceres; estudió filología Románica) v. port. (Manuel Neila Lumeras)
670 ## - FUENTE DE DATOS ENCONTRADOS
- Cita de la fuente: Las flores del mal, de Charles Baudelaire, 1992
- Información encontrada: port. (traducción y notas, Manuel Neila)
670 ## - FUENTE DE DATOS ENCONTRADOS
- Cita de la fuente: Sentencias y donaires, 2010
- Información encontrada: port. (edición de Manuel Neila)
670 ## - FUENTE DE DATOS ENCONTRADOS
- Cita de la fuente: Aforismos contantes y sonantes, 2016
- Información encontrada: port. (selección y prólogo, Manuel Neila) solapa (es poeta, ensayista y traductor; estudioso de las formas breves, de la escritura fragmentaria)
